000
00344nas a2200157 a 4500
001
82689
003
159629
005
20201118111932.0
008
||||||n9999 ||| || ||
245
0
_a
Time - Vol.159 No.15
260
_a
Estados Unidos :
562
_e
1
773
_0
21966
_a
Time
942
_c
SISS
999
_c
82689
_d
82689